Normal view
MARC view
Entry Personal Name
001 - CONTROL NUMBER
- control field: 1997
003 - CONTROL NUMBER IDENTIFIER
- control field: BD-RjUL
005 - DATE AND TIME OF LATEST TRANSACTION
- control field: 20220323171355.0
008 - FIXED-LENGTH DATA ELEMENTS
- fixed length control field: 220323|| aca||aabn | a|a d
040 ## - CATALOGING SOURCE
- Original cataloging agency: BD-RjUL
- Transcribing agency: BD-RjUL
100 ## - HEADING--PERSONAL NAME
- Personal name: Devi, Ashapurna,
- Dates associated with a name: 1909-1995 A. D.
- General subdivision: Interpretation and Criticism
670 ## - SOURCE DATA FOUND
- Source citation: Work cat.: (BD-RjUL)79308: চৌধুরী, আশাপূর্ণা রায় 1076, আশাপূর্ণা দেবীর কথাসাহিত্য :, ২০১৮